| 000 | 00364nam a2200145Ia 4500 | ||
|---|---|---|---|
| 005 | 20250423094721.0 | ||
| 008 | 250422s9999 xx 000 0 und d | ||
| 020 | _a087120200X | ||
| 245 | 0 | _aChallenges and achievements of American education : the 1993 ASCD yearbook | |
| 260 | _aAlexandra | ||
| 260 | _bASCD | ||
| 260 | _c1993 | ||
| 300 | _a216 p | ||
| 942 | _cBK | ||
| 999 |
_c28082 _d28082 |
||